| 000 | 00000nam##2200000za#4500 |
| 001 | 9.603303 |
| 003 | CaOODSP |
| 005 | 20210624211018 |
| 007 | cr ||||||||||| |
| 008 | 150406|2000||||xxc|||||o f|0| 0 fre|d |
| 040 | |aCaOODSP|bfre |
| 043 | |an-cn--- |
| 086 | 1 |aFo46-17/387F-PDF |
| 110 | 1 |aCanada.|bRessources naturelles Canada. |bService canadien des forêts. |
| 245 | 10|aL'impact potentiel des ravageurs forestiers exotiques en Amérique du nord : |h[ressource électronique]|bsynthèse de la recherche / |c[par] Emina Krcmar-Nozic, Bill Wilson, Louise Arthur. |
| 260 | |bRessources naturelles Canada. |c2000. |
| 300 | |a45p.|bgraphiques, carte, tableaux |
| 490 | 1 |aRapport d'information. [Série BC-X]|vBC-X-387F |
| 500 | |aLe n° de catalogue (Fo46-17/387F), l'ISSN (0830-0453) et l'ISBN (0-662-85065-3) de l'édition imprimée bilingue ont été incorrectement copiés dans cette édition électronique. |
| 504 | |aBibliographie. |
| 546 | |a(Summary in English) |
| 590 | |a12-11-Supp|b2012-03-27 |
| 691 | 07|aIndustrie de l'exploitation forestière|2gcpds |
| 691 | 07|aOrganisme nuisible|2gcpds |
| 720 | 1 |aWilson, Bill |
| 720 | 1 |aKrcmar-Nozic, Emina |
| 720 | 1 |aArthur, Louise |
| 775 | 08|tThe potential impacts of exotic forest pests in North America : |w(CaOODSP)9.573069 |
| 776 | 0#|tL'impact potentiel des ravageurs forestiers exotiques en Amérique du Nord : |w(CaOODSP)9.625435 |
| 830 | #0|aRapport d'information (Centre de foresterie du Pacifique)|vBC-X-387F|w(CaOODSP)9.501541 |
| 856 | 40|ahttp://publications.gc.ca|qPDF|s769 Ko|uhttps://publications.gc.ca/collections/Collection/FO46-17-387F.pdf|yBC-X-387F |